[Event "Druzynowe Mistrzostwa Polski - II Liga 2023"]
[Site "Jastrzebia Gora"]
[Date "1899-12-30"]
[Round "4.102"]
[White "Szymura, Oliwia"]
[Black "Filipska, Maja"]
[Result "0-1"]
[WhiteTitle "II+"]
[BlackTitle "I++"]
[WhiteElo "1176"]
[BlackElo "1763"]

1. e4 c5 2. Nc3 Nc6 3. g3 g6 4. Bg2 Bg7 5. d3 Nf6 6. Be3 d6 7. h3 O-O 8. Qd2 Rb8
9. f4 Nd4 10. Nd1 e5 11. c3 exf4 12. gxf4 Nc6 13. Nf3 Nh5 14. O-O f5 15. Nf2 Qc7
16. Nh4 Qe7 17. Nf3 b5 18. Rfe1 Qc7 19. d4 fxe4 20. Nxe4 Bf5 21. Nf2 Rbd8 22.
Ng4 b4 23. Qf2 bxc3 24. bxc3 Bxg4 25. hxg4 Nxf4 26. dxc5 Nxg2 27. cxd6 Qf7 28.
Kxg2 Bxc3 29. Rec1 Bxa1 30. Rxc6 Qd7 31. Rc4 Rc8 32. Bc5 Rb8 33. Bb4 Qe6 34. Qf1
Rxf3 35. Kxf3 Rf8+ 36. Rf4 Rxf4+ 37. Kxf4 Qf6+ 38. Ke4 Qxf1 39. Kd5 Qb5+ 40. Ke6
Qxb4 41. d7 Qf8 42. a4 Qd8 43. a5 h5 44. Kd6 hxg4 45. Kc6 Be5 46. a6 g3 47. Kb7
Qxd7+ 48. Ka8 Qc8+ 49. Kxa7 Bd4# 0-1

[Event "Druzynowe Mistrzostwa Polski - II Liga 2023"]
[Site "Jastrzebia Gora"]
[Date "1899-12-30"]
[Round "4.103"]
[White "Jaskolka, Tomasz"]
[Black "Darowicki, Mariusz"]
[Result "1-0"]
[WhiteTitle "CM"]
[BlackTitle "I++"]
[WhiteElo "2228"]
[BlackElo "1906"]

1. e4 c6 2. d4 d5 3. e5 c5 4. dxc5 e6 5. a3 Nd7 6. b4 Nxe5 7. Bb2 Ng6 8. h4 h5
9. g3 Nf6 10. Bd3 Ne7 11. Nf3 Bd7 12. Nc3 Nc6 13. O-O Be7 14. Ne2 Qc7 15. Re1
a6 16. Ned4 Ng4 17. Nxc6 Bxc6 18. Bxg7 Rg8 19. Bd4 Bf6 20. Qe2 Bxd4 21. Nxd4 Nxf2
22. Qxf2 Rxg3+ 23. Kf1 O-O-O 24. Ke2 Rdg8 25. Rg1 R3g4 26. Kd2 Kb8 27. Raf1 Be8
28. Be2 Rg3 29. Rxg3 Rxg3 30. Rg1 Rxg1 31. Qxg1 Qf4+ 32. Qe3 Qxh4 33. Qe5+ Ka7
34. c6 Qe7 35. c7 Bd7 36. b5 Qxa3 37. c8=Q Bxc8 38. Qc7 Qb4+ 39. Ke3 1-0

[Event "Druzynowe Mistrzostwa Polski - II Liga 2023"]
[Site "Jastrzebia Gora"]
[Date "1899-12-30"]
[Round "4.104"]
[White "Wisniewski, Adam"]
[Black "Pulik, Krzysztof"]
[Result "0-1"]
[WhiteTitle "I+"]
[BlackTitle "k"]
[WhiteElo "1929"]
[BlackElo "2074"]

1. e4 e6 2. d4 d5 3. e5 c5 4. c3 Nc6 5. Nf3 Bd7 6. a3 f6 7. Bd3 Qc7 8. O-O O-O-O
9. Re1 h6 10. exf6 gxf6 11. b4 c4 12. Bf1 Bd6 13. g3 Re8 14. a4 Nd8 15. Na3 a6
16. a5 Kb8 17. Be3 Ne7 18. Bh3 Nc8 19. Rb1 Na7 20. Nh4 Nf7 21. Bg2 Reg8 22. f4
f5 23. Nf3 Be7 24. Ne5 Nd6 25. b5 Naxb5 26. Nxb5 Bxb5 27. Re2 h5 28. Bf3 h4 29.
Rg2 hxg3 30. hxg3 Qxa5 31. Qd2 Rg7 32. Qb2 Qc7 33. Kf2 Nf7 34. Qc2 Nxe5 35. dxe5
Bc5 36. Qd2 Qb6 37. Bd4 Rgh7 38. g4 fxg4 39. Bxg4 Rh2 40. Rbg1 Rxg2+ 41. Rxg2
Bxd4+ 42. cxd4 Ba4 43. Be2 Ka7 44. Bg4 Rh1 45. f5 exf5 46. Bxf5 Rd1 47. Qe3 Rxd4
48. Rg3 Rf4+ 49. Rf3 Qxe3+ 50. Kxe3 Rxf3+ 51. Kxf3 d4 52. Bg6 Bc6+ 53. Ke2 b5
54. e6 b4 55. e7 b3 56. Kd1 Kb6 57. e8=Q Bxe8 58. Bxe8 Kc5 59. Bf7 Kb4 60. Kc1
d3 61. Bg6 a5 62. Kb1 d2 63. Bh5 c3 64. Bd1 a4 0-1

[Event "Druzynowe Mistrzostwa Polski - II Liga 2023"]
[Site "Jastrzebia Gora"]
[Date "1899-12-30"]
[Round "4.105"]
[White "Wozniak, Maciej"]
[Black "Szmidt, Przemyslaw"]
[Result "1/2-1/2"]
[WhiteTitle "k"]
[BlackTitle "I++"]
[WhiteElo "1999"]
[BlackElo "1824"]

1. e4 e5 2. f4 d5 3. exd5 exf4 4. Nf3 Nf6 5. Bb5+ Bd7 6. Bxd7+ Qxd7 7. O-O Nxd5
8. c4 Nb6 9. b3 Be7 10. d4 O-O 11. Ne5 Qd8 12. Bxf4 N8d7 13. Nc3 Nf6 14. Qd2 Nh5
15. Be3 Nf6 16. Rad1 c6 17. Qd3 Nbd7 18. Qf5 Re8 19. Ne4 Rf8 20. Ng5 h6 21. Ngf3
Qc8 22. Nd3 Re8 23. Bc1 Nf8 24. Qf4 Ng6 25. Qg3 Ne4 26. Qh3 Qxh3 27. gxh3 Nc3
28. Rd2 Bg5 29. Nxg5 hxg5 30. Bb2 Ne2+ 31. Kh1 Nef4 32. Nxf4 gxf4 33. d5 cxd5
34. cxd5 Rad8 35. d6 Rd7 36. Ba3 f6 37. Kg2 Nh4+ 38. Kf2 Nf5 39. Kf3 g5 40. Rc1
Kf7 41. Rc5 Re3+ 42. Kf2 Nxd6 43. Rxd6 Rxd6 44. Rc7+ Ke6 45. Bxd6 Kxd6 46. Rxb7
Rxh3 47. Kg2 Rc3 48. Rxa7 g4 49. Ra5 Ke6 50. b4 Rc2+ 51. Kg1 g3 52. hxg3 fxg3
53. Ra3 Kf5 54. Rxg3 Rxa2 55. Rb3 Ra6 56. b5 Rb6 57. Kf2 Ke4 58. Rb4+ Ke5 1/2-1/2

[Event "Druzynowe Mistrzostwa Polski - II Liga 2023"]
[Site "Jastrzebia Gora"]
[Date "1899-12-30"]
[Round "4.106"]
[White "Wisniewski, Szymon"]
[Black "Wozniak, Marcin"]
[Result "0-1"]
[WhiteTitle "I+"]
[BlackTitle "I++"]
[WhiteElo "1754"]
[BlackElo "1817"]

1. e4 e5 2. Nf3 Nc6 3. Bb5 a6 4. Ba4 Nf6 5. O-O b5 6. Bb3 Be7 7. c3 Nxe4 8. Re1
d5 9. d3 Nf6 10. Nxe5 Nxe5 11. Rxe5 O-O 12. Bg5 c6 13. Nd2 Qc7 14. d4 Be6 15.
Nf1 Rfe8 16. Re1 Ne4 17. Bxe7 Rxe7 18. f3 Nd6 19. Bc2 Rae8 20. Ng3 g6 21. Qd2
Bc8 22. Kf2 Nc4 23. Qh6 f5 24. b3 Ne3 25. Re2 f4 26. Bxg6 fxg3+ 27. hxg3 Ng4+
28. fxg4 Rxe2+ 29. Kg1 Re1+ 30. Rxe1 Rxe1+ 31. Kf2 Re6 0-1

[Event "Druzynowe Mistrzostwa Polski - II Liga 2023"]
[Site "Jastrzebia Gora"]
[Date "1899-12-30"]
[Round "4.107"]
[White "Wozny, Tomasz"]
[Black "Mioduszewski, Szymon"]
[Result "1/2-1/2"]
[WhiteTitle "I"]
[BlackTitle "II"]
[WhiteElo "1757"]
[BlackElo "1534"]

1. d4 Nf6 2. c4 g6 3. Nf3 Bg7 4. Nc3 O-O 5. e3 d6 6. Be2 Nbd7 7. O-O e5 8. b4 c6
9. Qb3 Qc7 10. Bb2 Re8 11. a4 h6 12. Rfe1 Nh7 13. d5 c5 14. a5 Qb8 15. b5 b6 16.
a6 f5 17. e4 f4 18. Kf1 g5 19. h3 Ndf6 20. Nh2 Rf8 21. Qd1 Bd7 22. Bf3 Qc8 23.
Qe2 Qb8 24. Rec1 Qc8 25. Kg1 Rb8 26. Kh1 Kh8 27. Ra3 Qe8 28. Rg1 Qc8 1/2-1/2

[Event "Druzynowe Mistrzostwa Polski - II Liga 2023"]
[Site "Jastrzebia Gora"]
[Date "1899-12-30"]
[Round "4.108"]
[White "Lukasiewicz, Anna"]
[Black "Trybowska, Barbara"]
[Result "1/2-1/2"]
[WhiteTitle "m"]
[BlackTitle "I++"]
[WhiteElo "1805"]
[BlackElo "1836"]

1. e4 c5 2. Nf3 d6 3. d4 cxd4 4. Nxd4 Nf6 5. Nc3 a6 6. a4 e5 7. Nf3 Be7 8. Bg5
Be6 9. Bxf6 gxf6 10. Be2 f5 11. exf5 Bxf5 12. O-O O-O 13. Bc4 Nd7 14. Qe2 Rc8
15. Nd5 Nb6 16. Nxb6 Qxb6 17. c3 Qc6 18. Bb3 Bg4 19. Rfe1 Bxf3 20. Qxf3 Qxf3 21.
gxf3 Bg5 22. Rad1 Rfd8 23. Bd5 b5 24. Re4 Kf8 25. axb5 axb5 26. Rb4 Rc5 27. Be4
d5 28. Bxh7 Ke7 29. Bd3 Rb8 30. Ra1 Bf4 31. Ra7+ Ke6 32. Ra6+ Ke7 33. h3 d4 34.
Ra7+ Kf6 35. Ra6+ Ke7 36. Ra7+ 1/2-1/2

[Event "Druzynowe Mistrzostwa Polski - II Liga 2023"]
[Site "Jastrzebia Gora"]
[Date "1899-12-30"]
[Round "4.109"]
[White "Osinski, Emil"]
[Black "Chaczynski, Kamil"]
[Result "1-0"]
[WhiteTitle "k"]
[BlackTitle "k"]
[WhiteElo "2157"]
[BlackElo "2165"]

1. e4 c5 2. Nf3 Nc6 3. Bb5 g6 4. O-O Bg7 5. Bxc6 dxc6 6. d3 Qc7 7. h3 e5 8. Be3
b6 9. a4 a5 10. Nbd2 h6 11. Nc4 Be6 12. Nfd2 Nf6 13. b4 axb4 14. a5 bxa5 15. Bxc5
Bf8 16. Bb6 Qb8 17. Bxa5 Nd7 18. Qf3 Ra7 19. c3 c5 20. Rfb1 Be7 21. Ra2 Rb7 22.
Rab2 O-O 23. Qd1 f5 24. Qa4 Qa7 25. cxb4 Bxc4 26. Nxc4 cxb4 27. Qc6 Kg7 28. Bxb4
Rxb4 29. Rxb4 Bxb4 30. Rxb4 fxe4 31. Nb6 exd3 32. Nxd7 d2 33. Qd5 Qxf2+ 34. Kh2
Qf5 35. Qxd2 Rf7 36. Nc5 e4 37. Nxe4 Qe5+ 38. Ng3 h5 39. Qd4 Qxd4 40. Rxd4 Rf2
41. Ne4 Ra2 42. Rd7+ Kf8 43. Ng5 Ra5 44. Ne6+ 1-0

[Event "Druzynowe Mistrzostwa Polski - II Liga 2023"]
[Site "Jastrzebia Gora"]
[Date "1899-12-30"]
[Round "4.110"]
[White "Kempinski, Tomasz"]
[Black "Walentukiewicz, Michal"]
[Result "1-0"]
[WhiteTitle "FM"]
[BlackTitle "CM"]
[WhiteElo "2163"]
[BlackElo "2074"]

1. d4 c5 2. d5 d6 3. c4 Nf6 4. Nc3 g6 5. e4 Bg7 6. Nf3 O-O 7. Bf4 Bg4 8. Be2 Nfd7
9. Qc2 Na6 10. O-O Nc7 11. a4 a6 12. h3 Bxf3 13. Bxf3 Ne5 14. Be2 e6 15. Bh2 exd5
16. cxd5 Re8 17. f4 Nd7 18. e5 dxe5 19. f5 Nf6 20. Rad1 Qd6 21. g4 g5 22. h4 h6
23. hxg5 hxg5 24. Qc1 Bh6 25. Rd3 Kg7 26. Rh3 Rh8 27. Bf3 b5 28. Kg2 b4 29. Rh1
bxc3 30. Rxh6 Rxh6 31. Qxg5+ Kf8 32. Qxh6+ Ke7 33. Re1 Nd7 34. Qh4+ f6 35. bxc3
Rb8 36. g5 Rg8 37. g6 Kf8 38. Qh6+ Rg7 39. Qh8+ 1-0

[Event "Druzynowe Mistrzostwa Polski - II Liga 2023"]
[Site "Jastrzebia Gora"]
[Date "1899-12-30"]
[Round "4.111"]
[White "Bienias, Piotr"]
[Black "Walkusz, Witoslaw"]
[Result "0-1"]
[WhiteTitle "I++"]
[BlackTitle "FM"]
[WhiteElo "1934"]
[BlackElo "2038"]

1. e4 e5 2. Nf3 Nc6 3. Bc4 Nf6 4. d3 h6 5. Nbd2 d6 6. c3 Be7 7. a4 O-O 8. O-O Na5
9. Ba2 c5 10. b4 cxb4 11. cxb4 Nc6 12. b5 Nb4 13. Bc4 d5 14. exd5 Nfxd5 15. Nxe5
Bf6 16. Ndf3 Re8 17. Bb2 Be6 18. Qd2 a5 19. Rfe1 Nb6 20. Bxe6 Rxe6 21. Bc3 Qd6
22. Bd4 Bxe5 23. Rxe5 Rxe5 24. Bxe5 Qxd3 25. Qf4 Rd8 26. h4 Nc4 27. Bd4 Nc2 28.
Rc1 Nxd4 29. Nxd4 Rxd4 30. Qb8+ Kh7 31. Qxb7 Qd2 32. Rf1 Nd6 33. Qf3 Qd3 34. Qh5
Qf5 35. Qe2 Rxa4 36. b6 Rb4 37. Rd1 Rxb6 38. Qe7 Ne4 39. f3 Qc5+ 40. Qxc5 Nxc5
0-1

[Event "Druzynowe Mistrzostwa Polski - II Liga 2023"]
[Site "Jastrzebia Gora"]
[Date "1899-12-30"]
[Round "4.112"]
[White "Bartkowiak, Damian"]
[Black "Bes, Michal"]
[Result "0-1"]
[WhiteTitle "k"]
[BlackTitle "k"]
[WhiteElo "2074"]
[BlackElo "2052"]

1. d4 d5 2. c4 dxc4 3. Nf3 a6 4. a4 Nc6 5. e3 e5 6. Bxc4 e4 7. Nfd2 Qg5 8. Kf1
Qg6 9. Nc3 Nf6 10. a5 Bd6 11. Nd5 Bf5 12. Qb3 Rb8 13. Qa4 O-O 14. Nxf6+ gxf6 15.
Bxa6 Ra8 16. Bxb7 Rxa5 17. Qxc6 Rxa1 18. Qc2 Kh8 19. h3 Re8 20. Nb3 Ra7 21. Bc6
Re7 22. Nc5 Ra1 23. g4 Bc8 24. b4 f5 25. b5 fxg4 26. Nb3 gxh3 27. Nxa1 Qg2+ 28.
Ke2 Bg4+ 0-1

[Event "Druzynowe Mistrzostwa Polski - II Liga 2023"]
[Site "Jastrzebia Gora"]
[Date "1899-12-30"]
[Round "4.113"]
[White "Antoniewicz, Jakub"]
[Black "Rusiniak, Slawomir"]
[Result "1/2-1/2"]
[WhiteTitle "I"]
[BlackTitle "k"]
[WhiteElo "1950"]
[BlackElo "2073"]

1. d4 g6 2. Nc3 d5 3. Bf4 Nf6 4. Nb5 Na6 5. e3 c6 6. Nc3 Qb6 7. Rb1 Bf5 8. Bd3
Bxd3 9. Qxd3 Bg7 10. Nf3 O-O 11. O-O Nh5 12. Bg5 f6 13. Bh4 e5 14. e4 g5 15. Bg3
Nxg3 16. hxg3 f5 17. Nxg5 exd4 18. exf5 Nc5 19. Na4 Nxd3 20. Nxb6 axb6 21. cxd3
Rxf5 22. f4 h6 23. Ne6 Rxa2 24. g4 Rf7 25. Kh2 Re7 26. Rfe1 Bf6 27. Kg3 Kf7 28.
f5 Bg5 29. Re2 c5 30. Rh1 Be3 31. Rc2 Ra8 32. Kf3 Kf6 33. b4 Ra3 34. bxc5 bxc5
35. Nxc5 b6 36. Ne6 Rxd3 37. Rc6 Bg5+ 38. Kf2 Be3+ 39. Kf3 Bg5+ 40. Kf2 Rd2+ 41.
Kg3 Rd3+ 42. Kf2 Rd2+ 43. Kg3 Rd3+ 44. Kf2 Rd2+ 1/2-1/2

[Event "Druzynowe Mistrzostwa Polski - II Liga 2023"]
[Site "Jastrzebia Gora"]
[Date "1899-12-30"]
[Round "4.114"]
[White "Andrzejewska, Anna"]
[Black "Jankowska, Julia"]
[Result "1/2-1/2"]
[WhiteTitle "WCM"]
[BlackTitle "I++"]
[WhiteElo "1944"]
[BlackElo "1748"]

1. e4 Nf6 2. e5 Nd5 3. d4 d6 4. c4 Nb6 5. exd6 exd6 6. h3 Nc6 7. Nf3 Bf5 8. d5
Nb4 9. Nd4 Qe7+ 10. Be3 Qe4 11. Nxf5 Qxf5 12. Na3 Be7 13. Be2 Bf6 14. Qd2 Na6
15. O-O O-O 16. Nb5 g6 17. Rac1 Bg7 18. b4 h5 19. Bd1 Rfd8 20. a4 Qd7 21. a5 Nc8
22. Bf3 Ne7 23. Bg5 Re8 24. Rfe1 Nf5 25. Rxe8+ Rxe8 26. g4 hxg4 27. hxg4 Ne7 28.
Nxa7 f5 29. Re1 Be5 30. Nb5 fxg4 31. Bd1 Qf5 32. Bc2 Qf7 33. Nd4 Qh7 34. Rxe5
dxe5 35. Ne6 Nf5 36. Be4 Qh5 37. Bf6 Kf7 38. Bxe5 Nh4 39. Qf4+ Nf5 40. Ng5+ Kg8
41. Bxf5 gxf5 42. Qxf5 g3 43. Kf1 gxf2 44. Kxf2 Rf8 45. Bf6 Qh2+ 46. Kf3 Qh1+
47. Kf2 Qh2+ 48. Kf3 Qh1+ 49. Kf2 Qh2+ 50. Kf3 1/2-1/2

[Event "Druzynowe Mistrzostwa Polski - II Liga 2023"]
[Site "Jastrzebia Gora"]
[Date "1899-12-30"]
[Round "4.115"]
[White "Lis, Mateusz"]
[Black "Gierulski, Kamil"]
[Result "1/2-1/2"]
[WhiteTitle "k"]
[BlackTitle "k++"]
[WhiteElo "2043"]
[BlackElo "2256"]

1. e4 e5 2. Nf3 Nc6 3. Bb5 a6 4. Bxc6 dxc6 5. h3 c5 6. O-O Bd6 7. c3 Ne7 8. d4
cxd4 9. cxd4 exd4 10. Qxd4 f6 11. Rd1 Nc6 12. Qd3 O-O 13. Bf4 Qe8 14. Bxd6 cxd6
15. Nc3 Ne5 16. Qe2 Qg6 17. Nd5 Kh8 18. Rac1 Bd7 19. Rc7 Bb5 20. Qe3 Rae8 21.
Nxe5 Rxe5 22. Rxb7 Rxe4 23. Qg3 Qxg3 24. fxg3 Re2 25. Nc3 Rxb2 26. Nxb5 1/2-1/2

[Event "Druzynowe Mistrzostwa Polski - II Liga 2023"]
[Site "Jastrzebia Gora"]
[Date "1899-12-30"]
[Round "4.116"]
[White "Babiarz, Arkadiusz"]
[Black "Szolc, Grzegorz"]
[Result "1-0"]
[WhiteTitle "I++"]
[BlackTitle "I++"]
[WhiteElo "2046"]
[BlackElo "2017"]

1. e4 c5 2. c3 Nf6 3. e5 Nd5 4. Nf3 e6 5. d4 cxd4 6. cxd4 Nc6 7. Nc3 Nxc3 8. bxc3
d6 9. Bf4 Be7 10. Bd3 dxe5 11. Nxe5 Nxe5 12. Bxe5 O-O 13. Qh5 g6 14. Qf3 Bd6 15.
Bf6 Be7 16. Be5 Bd6 17. Bf6 Be7 18. Bxe7 Qxe7 19. O-O Rb8 20. Rfe1 Qd6 21. Qf6
b6 22. Re3 Bb7 23. Rae1 Rbc8 24. h4 Qd8 25. Qf4 Bd5 26. Bb1 Kg7 27. h5 g5 28.
h6+ Kh8 29. Qe5+ f6 30. Qg3 f5 31. Rxe6 Bxe6 32. Rxe6 f4 33. Qd3 Rc7 34. Qe4 Rcf7
35. Qe5+ Kg8 36. d5 f3 37. d6 fxg2 38. Be4 g4 39. Bd5 Qh4 40. Rg6+ hxg6 41. Qg7#
1-0

[Event "Druzynowe Mistrzostwa Polski - II Liga 2023"]
[Site "Jastrzebia Gora"]
[Date "1899-12-30"]
[Round "4.117"]
[White "Grochol, Kamil"]
[Black "Ziemniak, Piotr"]
[Result "1-0"]
[WhiteTitle "I++"]
[BlackTitle "I+"]
[WhiteElo "2093"]
[BlackElo "1793"]

1. d4 d6 2. e4 Nc6 3. Nc3 Nf6 4. f4 Bg4 5. Nf3 Bxf3 6. gxf3 e5 7. d5 Nb8 8. Be3
exf4 9. Bxf4 Nh5 10. Be3 Be7 11. f4 Bh4+ 12. Kd2 g6 13. Qf3 Nd7 14. Bd3 Bf6 15.
Rag1 a6 16. Kc1 Qe7 17. Kb1 O-O-O 18. Rd1 Rhe8 19. Rhe1 Qf8 20. Ne2 Qh8 21. c3
Kb8 22. Bf2 Re7 23. Nd4 Nc5 24. Bc2 Qe8 25. b4 Na4 26. Nc6+ Qxc6 27. dxc6 Nxc3+
28. Kc1 Nxa2+ 29. Kd2 Bc3+ 30. Ke2 Bxe1 31. Bxe1 f5 32. e5 Rde8 33. Bb3 dxe5 34.
Bxa2 exf4+ 35. Kf1 Re3 36. Qd5 Nf6 37. Qf7 Ng4 38. Bf2 1-0

[Event "Druzynowe Mistrzostwa Polski - II Liga 2023"]
[Site "Jastrzebia Gora"]
[Date "1899-12-30"]
[Round "4.118"]
[White "Wozniak, Grzegorz"]
[Black "Kukula, Karol"]
[Result "0-1"]
[WhiteTitle "I"]
[BlackTitle "I++"]
[WhiteElo "1638"]
[BlackElo "1978"]

1. Nf3 Nf6 2. d4 e6 3. e3 b6 4. Bd3 Bb7 5. Nbd2 d5 6. O-O Be7 7. c3 O-O 8. Qe2
Ne4 9. Re1 Nd7 10. Bc2 f5 11. Nxe4 fxe4 12. Nd2 Bd6 13. f4 Rc8 14. Nf1 c5 15.
Bb3 Kh8 16. Bd2 Qe7 17. Rac1 Nb8 18. Ba4 Rf6 19. h3 Rg8 20. Nh2 Ba6 21. Bb5 Bxb5
22. Qxb5 c4 23. Ng4 Rg6 24. Ne5 Bxe5 25. fxe5 Qh4 26. Rf1 Qxh3 27. Rf2 h6 28.
Qa4 Kh7 29. Qd1 Rf8 30. Qe2 Rf3 31. Rcf1 Rfg3 32. Be1 R3g4 0-1

[Event "Druzynowe Mistrzostwa Polski - II Liga 2023"]
[Site "Jastrzebia Gora"]
[Date "1899-12-30"]
[Round "4.119"]
[White "Zabron, Maksym"]
[Black "Wasik, Roman"]
[Result "1-0"]
[WhiteTitle "I++"]
[BlackTitle "I"]
[WhiteElo "1993"]
[BlackElo "1381"]

1. d4 d6 2. c4 g6 3. Nc3 Nf6 4. e4 Bg7 5. f4 O-O 6. Nf3 c5 7. d5 e6 8. dxe6 Bxe6
9. Bd3 Bg4 10. h3 Bxf3 11. Qxf3 Nc6 12. Be3 Nb4 13. Bb1 Qe7 14. a3 Nc6 15. O-O
a6 16. Bc2 Rac8 17. Rad1 Na5 18. b3 Rc6 19. f5 Rc7 20. Bg5 Rd7 21. Nd5 Qe5 22.
Bxf6 Bxf6 23. fxg6 Bd8 24. gxh7+ Kh8 25. Qg4 f5 26. Rxf5 Qg7 27. Rxf8+ Qxf8 28.
Qxd7 Bf6 29. Nxf6 Qxf6 30. Qe8+ Kg7 31. Qg8+ 1-0

[Event "Druzynowe Mistrzostwa Polski - II Liga 2023"]
[Site "Jastrzebia Gora"]
[Date "1899-12-30"]
[Round "4.120"]
[White "Szelag, Zuzanna"]
[Black "Pisarek, Elzbieta"]
[Result "1-0"]
[WhiteTitle "k"]
[BlackTitle "I++"]
[WhiteElo "1783"]
[BlackElo "1779"]

1. e4 c5 2. Nf3 e6 3. d4 cxd4 4. Nxd4 Nf6 5. Nc3 Nc6 6. Ndb5 d6 7. Bf4 e5 8. Bg5
a6 9. Na3 b5 10. Nd5 Be7 11. Bxf6 Bxf6 12. c3 O-O 13. Nc2 Be7 14. a4 Rb8 15. b4
f5 16. exf5 Bxf5 17. Nce3 Bd7 18. Bd3 Bg5 19. O-O Bxe3 20. Nxe3 Be6 21. Qh5 h6
22. axb5 axb5 23. Ra6 Ne7 24. Rd1 Bf7 25. Qe2 Qc8 26. Ra7 Nc6 27. Bf5 Qd8 28.
Rd7 Qg5 29. R7xd6 Ne7 30. Bc2 Bh5 31. g4 Be8 32. Qd3 g6 33. h3 Qh4 34. Qf1 Rc8
35. c4 Rf3 36. Rd8 Rxd8 37. Rxd8 Kf7 38. Be4 Rxh3 39. cxb5 Kf8 40. b6 Ng8 41.
Rxe8+ Kxe8 42. b7 1-0

[Event "Druzynowe Mistrzostwa Polski - II Liga 2023"]
[Site "Jastrzebia Gora"]
[Date "1899-12-30"]
[Round "4.121"]
[White "Daniel, Damian"]
[Black "Jedraszek, Pawel"]
[Result "1/2-1/2"]
[WhiteTitle "CM"]
[BlackTitle "k"]
[WhiteElo "2114"]
[BlackElo "2098"]

1. d4 Nf6 2. c4 c5 3. d5 b5 4. cxb5 a6 5. e3 axb5 6. Bxb5 Qa5+ 7. Nc3 Bb7 8. Bd2
Qb6 9. Nf3 Nxd5 10. Nxd5 Bxd5 11. a4 e6 12. Bc3 Be7 13. O-O O-O 14. Nd2 f5 15.
f3 Qb7 16. e4 Bc6 17. Bxc6 Nxc6 18. e5 Qa6 19. Rf2 c4 20. Kh1 Nb4 21. f4 Rfb8
22. Rf3 Nd5 23. Bd4 Rb4 24. Qf1 Qc6 25. a5 Qb5 26. Bc3 Nxc3 27. bxc3 Ra4 28. Rxa4
Qxa4 29. Nxc4 Qb5 30. Qd3 Bd8 31. Kg1 Bxa5 32. Nxa5 Qc5+ 33. Qe3 Qxa5 34. Qd4
Qb5 35. h3 1/2-1/2

[Event "Druzynowe Mistrzostwa Polski - II Liga 2023"]
[Site "Jastrzebia Gora"]
[Date "1899-12-30"]
[Round "4.122"]
[White "Ugorek, Kacper"]
[Black "Rychlik, Hanna"]
[Result "0-1"]
[WhiteTitle "I+"]
[BlackTitle "k"]
[WhiteElo "2004"]
[BlackElo "2026"]

1. e4 c5 2. Nf3 d6 3. d4 cxd4 4. Nxd4 Nf6 5. Nc3 a6 6. f4 e6 7. Qf3 Qc7 8. g4 Nfd7
9. g5 Nc6 10. Nxc6 bxc6 11. Bd2 Rb8 12. O-O-O d5 13. e5 c5 14. h4 Bb7 15. Bg2
d4 16. Ne4 Bd5 17. b3 c4 18. Kb1 d3 19. Rc1 Ba3 20. cxd3 Bxc1 21. Rxc1 cxb3 22.
Nd6+ Qxd6 23. exd6 bxa2+ 24. Ka1 Rb1+ 25. Rxb1 axb1=Q+ 26. Kxb1 Bxf3 27. Bxf3
Nb8 28. Bc3 Rg8 29. Ba5 Kd7 30. Bc7 Nc6 31. Kb2 Nb4 32. Kc3 Nd5+ 33. Bxd5 exd5
34. Kd4 Kc6 35. f5 Re8 36. h5 g6 37. fxg6 fxg6 38. h6 Re6 39. Bb8 Rxd6 40. Bxd6
Kxd6 41. Kc3 Ke5 42. Kb4 Kd4 43. Ka5 Kxd3 44. Kxa6 Ke4 0-1

[Event "Druzynowe Mistrzostwa Polski - II Liga 2023"]
[Site "Jastrzebia Gora"]
[Date "1899-12-30"]
[Round "4.123"]
[White "Reichel, Lukasz"]
[Black "Walaszczyk, Aleksander"]
[Result "1/2-1/2"]
[WhiteTitle "I"]
[BlackTitle "I"]
[WhiteElo "1928"]
[BlackElo "1693"]

1. e4 c6 2. d4 d5 3. exd5 cxd5 4. c4 Nf6 5. Nc3 Nc6 6. Nf3 Bg4 7. cxd5 Nxd5 8.
Qb3 Bxf3 9. gxf3 e6 10. Qxb7 Nxd4 11. Bb5+ Nxb5 12. Qc6+ Ke7 13. Qxb5 Qd7 14.
Nxd5+ Qxd5 15. Bg5+ f6 16. Qxd5 exd5 17. Be3 Ke6 18. O-O-O Bb4 19. Kb1 Rhc8 20.
a3 Bc5 21. Rhe1 Bxe3 22. Rxe3+ Kd6 23. Rd4 a5 24. Red3 Rc5 25. b4 axb4 26. axb4
Rb5 27. Kb2 Re8 28. Re3 Re5 29. f4 Rh5 30. h3 Rf5 31. Kb3 g5 32. fxg5 fxg5 33.
Ka4 Rb8 34. Red3 Kc6 35. f3 Ra8+ 36. Kb3 Ra1 37. Rc3+ Kd6 38. h4 h6 39. hxg5 hxg5
40. Rg4 Rf4 41. Rxg5 Rb1+ 42. Kc2 Ke5 1/2-1/2

[Event "Druzynowe Mistrzostwa Polski - II Liga 2023"]
[Site "Jastrzebia Gora"]
[Date "1899-12-30"]
[Round "4.124"]
[White "Sasin, Michal"]
[Black "Borowski, Przemyslaw"]
[Result "1/2-1/2"]
[WhiteTitle "I"]
[BlackTitle "I"]
[WhiteElo "1804"]
[BlackElo "1794"]

1. e4 c6 2. Nc3 d5 3. Nf3 Bg4 4. h3 Bh5 5. exd5 cxd5 6. Bb5+ Nc6 7. g4 Bg6 8. Ne5
Rc8 9. d4 e6 10. h4 f6 11. Bxc6+ bxc6 12. Nxg6 hxg6 13. Qd3 Kf7 14. h5 gxh5 15.
Rxh5 Rxh5 16. gxh5 f5 17. Qg3 Bd6 18. Qg6+ Kf8 19. Qxe6 Qe8 20. Qxe8+ Rxe8+ 21.
Kf1 Nf6 22. h6 g6 23. Bd2 Ne4 24. Nxe4 dxe4 25. Ke2 Kg8 26. Bg5 Kh7 27. f4 exf3+
28. Kxf3 Re4 29. c3 Rg4 30. Bf6 g5 31. Re1 Kxh6 32. Re6 Bf4 33. Rxc6 Rg3+ 34.
Kf2 Kh5 35. d5 Rd3 36. Bd4 g4 37. d6 g3+ 38. Ke2 Rd2+ 39. Kf3 g2 40. Bf2 Bxd6
41. b4 f4 42. a4 Rd3+ 43. Kxg2 Kg4 44. Rxd6 f3+ 45. Kf1 Rxd6 46. Bxa7 Ra6 47.
Bd4 Rxa4 48. b5 Ra1+ 49. Kf2 Ra2+ 50. Kf1 Ra1+ 51. Kf2 Ra2+ 52. Be3 1/2-1/2

[Event "Druzynowe Mistrzostwa Polski - II Liga 2023"]
[Site "Jastrzebia Gora"]
[Date "1899-12-30"]
[Round "4.125"]
[White "Czaplewska, Klara"]
[Black "Duszczak, Filip"]
[Result "1-0"]
[WhiteTitle "k+"]
[BlackTitle "II"]
[WhiteElo "1844"]
[BlackElo "1450"]

1. d4 Nf6 2. g3 c5 3. Nf3 cxd4 4. Nxd4 e5 5. Nb3 d5 6. Bg2 Nc6 7. O-O Be7 8. Bg5
Be6 9. Nc3 d4 10. Bxf6 Bxf6 11. Ne4 Be7 12. Nec5 Bc8 13. Qd2 Qb6 14. Nd3 f6 15.
f4 Bd6 16. fxe5 Nxe5 17. Nf2 Nc4 18. Qxd4 Qxd4 19. Nxd4 Ne3 20. Rfc1 Nxg2 21.
Kxg2 O-O 22. Rd1 Bc5 23. c3 Re8 24. Kf3 Bd7 25. e4 Re7 26. Re1 Rae8 27. Rad1 f5
28. b4 Bb6 29. c4 Bxd4 30. Rxd4 fxe4+ 31. Nxe4 Rf8+ 32. Kg2 Rfe8 33. Rxd7 Rxd7
34. Nf6+ gxf6 35. Rxe8+ Kf7 36. Re2 Rd4 37. Rc2 Rd6 38. Kf3 Re6 39. c5 a6 40.
Rd2 Ke7 41. Re2 Rxe2 42. Kxe2 Kd7 43. Kd3 Ke6 44. a4 Kd5 45. a5 f5 46. h3 h5 47.
h4 Ke5 48. Ke3 Kd5 49. Kf4 1-0

[Event "Druzynowe Mistrzostwa Polski - II Liga 2023"]
[Site "Jastrzebia Gora"]
[Date "1899-12-30"]
[Round "4.126"]
[White "Barwinska, Ewa"]
[Black "Dranka, Jowita"]
[Result "1-0"]
[WhiteTitle "WCM"]
[BlackTitle "I+"]
[WhiteElo "2030"]
[BlackElo "1636"]

1. e4 c5 2. Nf3 e6 3. d3 Nc6 4. g3 Nf6 5. Bg2 d5 6. e5 Nd7 7. Qe2 Be7 8. O-O Qc7
9. Re1 b5 10. c3 a5 11. a4 b4 12. c4 dxc4 13. dxc4 Bb7 14. Bf4 Rd8 15. Nbd2 Nd4
16. Nxd4 cxd4 17. Qg4 Kf8 18. Bxb7 Qxb7 19. Bg5 Nc5 20. Bxe7+ Qxe7 21. Ne4 h5
22. Qf3 Nxe4 23. Rxe4 d3 24. Rd1 d2 25. Re2 Qg5 26. Qf4 Qxf4 27. gxf4 Ke7 28.
Rexd2 Rxd2 29. Rxd2 Rc8 30. b3 f6 31. Kg2 Rc5 32. Re2 Rc8 33. exf6+ gxf6 34. f5
e5 35. f4 Rc5 36. fxe5 fxe5 37. Kf3 Kf6 38. Ke4 Rc8 39. Rd2 Rg8 40. Rd6+ Kf7 41.
Kxe5 Re8+ 42. Re6 Rd8 43. c5 Rd3 44. c6 Rxb3 45. c7 Rc3 46. Kd6 b3 47. Kd7 Rd3+
48. Kc8 Rd4 49. Rb6 Rb4 50. Kd7 Rd4+ 51. Kc6 Rc4+ 52. Kb7 Rb4 53. c8=Q Rxb6+ 54.
Kxb6 b2 55. Qc2 1-0

[Event "Druzynowe Mistrzostwa Polski - II Liga 2023"]
[Site "Jastrzebia Gora"]
[Date "1899-12-30"]
[Round "4.127"]
[White "Bielinski, Dariusz"]
[Black "Kutowski, Marcel"]
[Result "1/2-1/2"]
[WhiteTitle "k+"]
[BlackTitle "k"]
[WhiteElo "2129"]
[BlackElo "2170"]

1. d4 Nf6 2. Nf3 e6 3. c4 d5 4. g3 dxc4 5. Qa4+ Nbd7 6. Bg2 a6 7. Qxc4 b5 8. Qc6
Ra7 9. Bg5 Bb7 10. Qc1 h6 11. Bxf6 Nxf6 12. Nbd2 Bd6 13. O-O O-O 14. Nb3 Nd7 15.
Nc5 Bxc5 16. dxc5 Bxf3 17. Bxf3 Qe7 18. b4 e5 19. Bc6 Nb8 20. Bg2 a5 21. a3 e4
22. Qc2 Re8 23. a4 axb4 24. axb5 Rxa1 25. Rxa1 Nd7 26. Rc1 Qg5 27. h4 Qf5 28.
b6 cxb6 29. c6 Nc5 30. Qc4 Qc8 31. Qxb4 Qxc6 32. e3 Qf6 33. Rb1 Re6 34. Rd1 Qe7
35. Rd4 h5 36. Qd2 Qf6 37. Rd8+ Kh7 38. Rd5 g6 39. Bf1 Nb7 40. Qb4 Qe7 41. Qd4
Qf6 42. Qd1 Rd6 43. Bc4 Rxd5 44. Qxd5 Nd8 45. Bb3 Kg7 46. Kg2 Qe7 47. Qd4+ 1/2-1/2